二十四节气中的茶汤时光:春分曼松茶、立夏玉露香、秋色鸡冠白、大雪紧茶心──依时序之俗,品人间至雅! (Record no. 322876)

000 -LEADER
fixed length control field 00458 a2200145 4500
020 ## - ISBN
ISBN 9786263577558
082 ## - 索书号 Call Number
分类号Classification number 974.8
作者号 Author number 4400.1-02
100 ## - 作者
作者 李韬 著
245 ## - 书名 TITLE
书名Title 二十四节气中的茶汤时光:春分曼松茶、立夏玉露香、秋色鸡冠白、大雪紧茶心──依时序之俗,品人间至雅!
250 ## - 版本 EDITION STATEMENT
版本叙述 Edition statement 初版;平装
260 ## - 出版项PUBLICATION, DISTRIBUTION, ETC. (IMPRINT)
出版社 Name of publisher 崧烨文化
出版日期 Date of publication 2023
出版地 Place of publication 台湾
300 ## - 稽核项 PHYSICAL DESCRIPTION
页数 Number of Pages 256页
尺寸 Dimensions 23公分
500 ## - 一般附注 GENERAL NOTE
附注 General note
942 ## - ADDED ENTRY ELEMENTS (KOHA)
Koha item type Books
Holdings
Source of classification or shelving scheme Not for loan Permanent Location Current Location Shelving location Date acquired Source of acquisition Cost, normal purchase price Full call number Barcode Cost, replacement price Koha item type
    LIBRARY CHUNG HWA HIGH SCHOOL MUAR LIBRARY CHUNG HWA HIGH SCHOOL MUAR 9 艺术类(一楼) 2026-03-25 122.20 974.8 4400.1-02 050248 244.40 Books

Powered by Koha